00822cam a22002411 450000100060000000300080000600500170001400800410003103500190007203500190009104000380011004100080014808200180015610000290017424500550020326000380025830000210029665000300031770000530034794200120040099900170041295201510042931681BD-RjUL20211209051732.0140421s1954 enk 000 0 eng d a(BD-RjUL)31769 a(OCoLC)2778948 aDLCcODadPPLTdDLCdBD-RjULbeng aeng00a170bCAR 19541 aCampbell, Paul B.99641110aRemaking men /cby Paul Campbell and Peter Howard. aLondon :bBlandford Press,c1954. a126 p. ;c18 cm. 0aMoral re-armament.9964121 aHoward, Peter,d1908-1965,ejoint author.973728 2ddccBK c31681d31681 00102ddc40718NFICaRUCLbRUCLcReadingd1974-04-17eDr Kalims Dept of Language Giftl0o170 CAR 1954r2014-04-21 00:00:00tC-1w2014-04-21yBK